Aullador (Registro nro. 17296)
[ vista simple ]
| 000 -CABECERA | |
|---|---|
| Campo de control | 00289as aa2200109a 44500 |
| 090 ## - CLASIFICACIÓN LOCAL | |
| Colección | SERIADAS |
| Consecutivo | 01534 |
| 041 0# - IDIOMA | |
| Código de idioma para texto/pista de sonido o título separado | |
| 245 10 - MENCION DE TITULO | |
| Título | Aullador |
| 260 ## - PUBLICACION, DISTRIBUCION, ETC. (PIE DE IMPRENTA) | |
| Nombre del editor, distribuidor, etc. | Instituto de Investigación de Recursos Biológicos Alexander Von Humboldt |
| Lugar de publicación, distribución, etc. | Colombia |
| 942 ## - ELEMENTOS ADICIONALES (KOHA) | |
| Tipo de ítem | Periodica o revista |
| Withdrawn status | Lost status | Sistema de Clasificación | Damaged status | No para préstamo | Colección | Fecha publicación (Año) | Número revista | Inventariado | Ubicación Permanente | Ubicación actual | Fecha de adquisición | Total Checkouts | Número topográfico | Inventario / Código de Barras | Date last seen | Ejemplar | Price effective from | Forma de adquisición | Tipo de material | Material acompañante | Fuente de Valor |
|---|---|---|---|---|---|---|---|---|---|---|---|---|---|---|---|---|---|---|---|---|---|
| Local | Humboldt | 2004 | 2 | Inventariado 2017 | Villa de Leyva | Villa de Leyva | 20/06/2005 | SERIADAS 01534 | 019158 | 25/03/2015 | 1 | 25/03/2015 | Institucional | Folleto | |||||||
| Local | Humboldt | 2004 | 2 | Inventariado 2017 | Villa de Leyva | Villa de Leyva | 20/06/2005 | SERIADAS 01534 | 019159 | 25/03/2015 | 2 | 25/03/2015 | Institucional | Folleto | |||||||
| Local | Humboldt | 2004 | 2 | Inventariado 2017 | Villa de Leyva | Villa de Leyva | 20/06/2005 | SERIADAS 01534 | 019160 | 25/03/2015 | 3 | 25/03/2015 | Institucional | Folleto | |||||||
| Hemeroteca | 2004 | 2 | Villa de Leyva | Villa de Leyva | 20/06/2005 | SERIADAS 01534 | 019161 | 25/03/2015 | 1 | 25/03/2015 | Periodica o revista | ||||||||||
| Hemeroteca | 2004 | 2 | Villa de Leyva | Villa de Leyva | 20/06/2005 | SERIADAS 01534 | 019162 | 25/03/2015 | 2 | 25/03/2015 | Periodica o revista | ||||||||||
| Local | Humboldt | 2004 | 1 | Inventariado 2017 | Villa de Leyva | Villa de Leyva | 26/05/2005 | SERIADAS 01534 | 019016 | 25/03/2015 | 1 | 25/03/2015 | Institucional | Folleto | |||||||
| Local | Humboldt | 2004 | 1 | Inventariado 2017 | Villa de Leyva | Villa de Leyva | 26/05/2005 | SERIADAS 01534 | 019001 | 25/03/2015 | 2 | 25/03/2015 | Institucional | Folleto | |||||||
| Local | Humboldt | 2004 | 1 | Inventariado 2017 | Villa de Leyva | Villa de Leyva | 26/05/2005 | SERIADAS 01534 | 019015 | 25/03/2015 | 3 | 25/03/2015 | Institucional | Folleto | |||||||
| Hemeroteca | 2004 | 1 | Villa de Leyva | Villa de Leyva | SERIADAS 01534 | 019014 | 25/03/2015 | 1 | 25/03/2015 | Periodica o revista | |||||||||||
| Hemeroteca | 2004 | 1 | Villa de Leyva | Villa de Leyva | 26/05/2005 | SERIADAS 01534 | 019013 | 25/03/2015 | 2 | 25/03/2015 | Periodica o revista | ||||||||||
| Hemeroteca | 2004 | 1 | Villa de Leyva | Villa de Leyva | 26/05/2005 | SERIADAS 01534 | 019012 | 25/03/2015 | 3 | 25/03/2015 | Periodica o revista | ||||||||||
| Local | Humboldt | 2005 | 3 | Inventariado 2017 | Villa de Leyva | Villa de Leyva | 07/12/2005 | SERIADAS 01534 | 022193 | 25/03/2015 | 1 | 25/03/2015 | Institucional | Folleto | Incluyelamina | CID Humboldt | |||||
| Local | Humboldt | 2005 | 3 | Inventariado 2017 | Villa de Leyva | Villa de Leyva | 07/12/2005 | SERIADAS 01534 | 022189 | 25/03/2015 | 2 | 25/03/2015 | Institucional | Folleto | Incluyelamina | CID Humboldt | |||||
| Local | Humboldt | 2005 | 3 | Inventariado 2017 | Villa de Leyva | Villa de Leyva | 07/12/2005 | SERIADAS 01534 | 022190 | 25/03/2015 | 3 | 25/03/2015 | Institucional | Folleto | Incluyelamina | CID Humboldt | |||||
| Hemeroteca | 2005 | 3 | Villa de Leyva | Villa de Leyva | 07/12/2005 | SERIADAS 01534 | 022191 | 25/03/2015 | 1 | 25/03/2015 | Periodica o revista | Incluyelamina | CID Humboldt | ||||||||
| Hemeroteca | 2005 | 3 | Villa de Leyva | Villa de Leyva | 07/12/2005 | SERIADAS 01534 | 022192 | 25/03/2015 | 2 | 25/03/2015 | Periodica o revista | Incluyelamina | CID Humboldt |